|
|
|
|
| LEADER |
00000ny a22000003n 4500 |
| 005 |
20110530143718.0 |
| 008 |
060221s2003 sp 001 0 spa c |
| 017 |
|
|
|a D.L. B.39140-2003
|
| 020 |
|
|
|a 8484290263
|
| 035 |
|
|
|a 1258
|
| 040 |
|
|
|a UMA.DER
|d vLex
|
| 040 |
|
|
|a UMA.RE
|d vLex
|
| 080 |
|
|
|a 351.751(460)(0.034)
|
| 090 |
|
|
|c 365
|d 365
|
| 100 |
1 |
|
|a Carreras Serra, Llus̕ de
|
| 245 |
1 |
0 |
|a Derecho espaǫl de la informacin̤
|h [Recurso electrn̤ico]
|c Llus̕ de Carreras Serra
|
| 256 |
|
|
|a Servicio en ln̕ea
|
| 260 |
|
|
|a Barcelona :
|b Editorial UOC,
|c 2003
|
| 300 |
|
|
|a 420 p. ;
|c 24 cm
|
| 506 |
1 |
|
|a Contenido solo disponible en los productos indicados
|d vLex Global
|d vLex Global (Academic Edition, excluding Law Schools)
|d vLex Global (U.S. Academic Edition, Law Schools)
|d vLex Global (U.S. Academic Edition, excluding Law Schools)
|d vLex Global (Academic Edition, Law Schools)
|
| 650 |
0 |
7 |
|a Constitucional
|2 Tesauro vLex
|
| 650 |
0 |
7 |
|a Derecho de la informacin̤
|2 Tesauro vLex
|
| 740 |
0 |
|
|a vLex Libros (Servicios en ln̕ea)
|
| 856 |
4 |
0 |
|u http://vlex.com/source/1258
|z Acceso restringido
|
| 942 |
|
|
|c BOOK
|
| 999 |
0 |
|
|a Constitutional law
|b Barcelona
|